Statistics for Largest Cities In Maine

Click here to take the quiz!

General Stats

  • This quiz has been taken 40 times
  • The average score is 6 of 11

Answer Stats

Pop.City% Correct
18,594Augusta
100%
66,882Portland
100%
31,903Bangor
92%
36,221Lewiston
73%
25,483South Portland
58%
23,033Auburn
50%
21,488Biddeford
46%
19,485Saco
35%
21,028Sanford
31%
16,600Waterville
27%
18,730Westbrook
19%

Score Distribution

Percentile by Number Answered

Percent of People with Each Score

Your Score History

You have not taken this quiz